Interpreter of maladies : (Record no. 590532)

000 -LEADER
fixed length control field 01547cam a2200373 a 4500
001 - CONTROL NUMBER
control field 1200918
003 - CONTROL NUMBER IDENTIFIER
control field NUST
005 - DATE AND TIME OF LATEST TRANSACTION
control field 20220723161243.0
008 - FIXED-LENGTH DATA ELEMENTS--GENERAL INFORMATION
fixed length control field 981105s1999 mau 000 1 eng
010 ## - LIBRARY OF CONGRESS CONTROL NUMBER
LC control number 98050895
020 ## - INTERNATIONAL STANDARD BOOK NUMBER
International Standard Book Number 039592720X
035 ## - SYSTEM CONTROL NUMBER
System control number (DLC) 98050895
038 ## - RECORD CONTENT LICENSOR
Staff Name Azhar
040 ## - CATALOGING SOURCE
Original cataloging agency DLC
Transcribing agency DLC
Modifying agency DLC
043 ## - GEOGRAPHIC AREA CODE
Geographic area code a-ii---
-- n-us---
050 00 - LIBRARY OF CONGRESS CALL NUMBER
Classification number PS3562.A316
Item number I58 1999
082 00 - DEWEY DECIMAL CLASSIFICATION NUMBER
Classification number 813.54
Edition number 21
Author Mark LAH
100 1# - MAIN ENTRY--PERSONAL NAME
Personal name Lahiri, Jhumpa.
9 (RLIN) 94670
245 10 - TITLE STATEMENT
Title Interpreter of maladies :
Remainder of title stories /
Statement of responsibility, etc. Jhumpa Lahiri.
260 ## - PUBLICATION, DISTRIBUTION, ETC.
Place of publication, distribution, etc. Boston :
Name of publisher, distributor, etc. Houghton Mifflin,
Date of publication, distribution, etc. 1999.
300 ## - PHYSICAL DESCRIPTION
Extent 198 p. ;
Dimensions 21 cm.
500 ## - GENERAL NOTE
General note "A Mariner original."
563 ## - BINDING INFORMATION
Binding note PB
650 #0 - SUBJECT ADDED ENTRY--TOPICAL TERM
Topical term or geographic name entry element East Indian Americans
General subdivision Fiction.
9 (RLIN) 94671
856 41 - ELECTRONIC LOCATION AND ACCESS
Materials specified Sample text
Uniform Resource Identifier <a href="http://www.loc.gov/catdir/samples/hm051/98050895.html">http://www.loc.gov/catdir/samples/hm051/98050895.html</a>
856 42 - ELECTRONIC LOCATION AND ACCESS
Materials specified Reading group guide
Uniform Resource Identifier <a href="http://www.houghtonmifflinbooks.com/readers_guides/interpreter_maladies.shtml">http://www.houghtonmifflinbooks.com/readers_guides/interpreter_maladies.shtml</a>
Public note Valid as of Nov. 21, 2002
856 42 - ELECTRONIC LOCATION AND ACCESS
Materials specified Publisher description
Uniform Resource Identifier <a href="http://www.loc.gov/catdir/description/hm022/98050895.html">http://www.loc.gov/catdir/description/hm022/98050895.html</a>
856 41 - ELECTRONIC LOCATION AND ACCESS
Materials specified Table of contents
Uniform Resource Identifier <a href="http://www.loc.gov/catdir/toc/hm021/98050895.html">http://www.loc.gov/catdir/toc/hm021/98050895.html</a>
856 42 - ELECTRONIC LOCATION AND ACCESS
Materials specified Contributor biographical information
Uniform Resource Identifier <a href="http://www.loc.gov/catdir/enhancements/fy0737/98050895-b.html">http://www.loc.gov/catdir/enhancements/fy0737/98050895-b.html</a>
906 ## - LOCAL DATA ELEMENT F, LDF (RLIN)
a 7
b cbc
c orignew
d 1
e ocip
f 19
g y-gencatlg
942 ## - ADDED ENTRY ELEMENTS (KOHA)
Source of classification or shelving scheme
Koha item type Lincoln Corner
Holdings
Withdrawn status Lost status Source of classification or shelving scheme Damaged status Not for loan Permanent Location Current Location Shelving location Date acquired Full call number Barcode Date last seen Price effective from Koha item type
          Central Library (CL) Central Library (CL) Lincoln Corner 07/23/2022 813.54 LAH LC-19 07/23/2022 07/23/2022 Reference
© 2023 Central Library, National University of Sciences and Technology. All Rights Reserved.